Loading...
| Religion | 0 | 9 | 0 | 0 | 90 | 18 | 77.22 | 4 | 6 | 24.03 | 46.72 |
| History - European | 0 | 3 | 0 | 0 | 30 | 85 | 116.00 | 0 | 0 | 2.05 | 7.11 |
| History - World | 0 | 2 | 0 | 0 | 20 | 98 | 107.50 | 0 | 1 | 2.03 | 7.25 |
| Current Events | 0 | 3 | 2 | 0 | 20 | 85 | 96.00 | 0 | 2 | 8.50 | 23.93 |
| History - Other | 0 | 2 | 0 | 0 | 20 | 102 | 103.50 | 0 | 1 | 2.10 | 9.41 |
| Literature - World | 0 | 1 | 0 | 0 | 10 | 123 | 123.00 | 0 | 0 | 0.64 | 1.96 |
| History - American | 0 | 1 | 0 | 0 | 10 | 97 | 97.00 | 0 | 0 | 1.72 | 4.17 |
| Social Science | 0 | 2 | 2 | 0 | 10 | 68 | 95.00 | 0 | 1 | 3.60 | 9.80 |
| Science - Chemistry | 0 | 0 | 1 | 0 | -5 | 0.00 | 0 | 0 | 0.00 | 0.00 |